000 00231nam a22001097a 4500
041 _aENG
245 _aSeeding And Tillang ( CD -Rom )
260 _aDelhi
_bKondinin Group
_c2009
300 _aI CD
650 _aIDE
856 _uCD
999 _c2654
_d2654